00521 2200193 4500001002100000005001700021006001900038008004100057020001800098035002500116041000700141082001100148090001700159100002400176245002700200260003100227300003600258650003300294INLIS00000000000407220140317142100.0a ||| | 180719| ||| | id  a979-543-840-9 a0010-031300000004072 aid0 a633.84 a633.84 TAN p0 aTim bina karya tani00aPedoman Bertanam Cabai aBandungbYrama Widyac2008 axiii + 120 hlm ; 12,5 x 19,5 cm 0aTim bina karya tani -- Cabai